| 000 | 00726nam a2200229Ia 4500 | ||
|---|---|---|---|
| 005 | 20230613110605.0 | ||
| 008 | 131103s9999 xx 000 0 und d | ||
| 020 |
_a415070538 _c12.99 pds |
||
| 040 | _aLoreto College | ||
| 041 | _aEnglish | ||
| 082 |
_a940.28 _bBER |
||
| 245 | 4 |
_aThe Industrial revolution and work in nineteenth - century Europe _cedited by Lenard R.Berlantein |
|
| 260 |
_aLondon _bRoutledge _c1992 |
||
| 300 | _axvi,176 p. | ||
| 440 | _aRewriting Histories | ||
| 504 | _aIncludes bibliographical references | ||
| 650 | _aModern History - 19th Century - Industrial Revolution | ||
| 651 | _aEurope - Modern - 19th century | ||
| 700 | _aBerlanstein,Lenard R.ed. | ||
| 850 | _aLCLIB | ||
| 942 | _cBK | ||
| 999 |
_c8728 _d59207 |
||